Computational statistics handbook with MATLAB / (Record no. 21064)

MARC details
000 -LEADER
fixed length control field 01364cam a2200349 i 4500
001 - CONTROL NUMBER
control field 14951538
003 - CONTROL NUMBER IDENTIFIER
control field EG-ScBUE
005 - DATE AND TIME OF LATEST TRANSACTION
control field 20241210094945.0
008 - FIXED-LENGTH DATA ELEMENTS--GENERAL INFORMATION
fixed length control field 070802t2008 flua f b 001 0 eng d
020 ## - INTERNATIONAL STANDARD BOOK NUMBER
International Standard Book Number 9781584885665 (alk. paper)
020 ## - INTERNATIONAL STANDARD BOOK NUMBER
International Standard Book Number 1584885661 (alk. paper)
040 ## - CATALOGING SOURCE
Original cataloging agency DLC
Language of cataloging eng
Description conventions rda
Transcribing agency DLC
Modifying agency C#P
-- YDXCP
-- BWX
-- DLC
-- EG-ScBUE
082 04 - DEWEY DECIMAL CLASSIFICATION NUMBER
Classification number 519.50285
Edition number 22
Item number MAR
100 1# - MAIN ENTRY--PERSONAL NAME
Personal name Martinez, Wendy L.,
Relator term author.
9 (RLIN) 38774
245 10 - TITLE STATEMENT
Title Computational statistics handbook with MATLAB /
Statement of responsibility, etc Wendy L. Martinez, The Office of Naval Research, Arlington, Viirginia, USA, Angel R. Martinez, Naval Surface Warfare Center, Dahlgren, Virginia, USA..
250 ## - EDITION STATEMENT
Edition statement Second edition.
264 #1 - PUBLICATION, DISTRIBUTION, ETC. (IMPRINT)
Place of publication, distribution, etc Boca Raton :
Name of publisher, distributor, etc Chapman & Hall / CRC / Taylor & Francis,
Date of publication, distribution, etc [2008]
264 #4 - PUBLICATION, DISTRIBUTION, ETC. (IMPRINT)
Date of publication, distribution, etc c2008
300 ## - PHYSICAL DESCRIPTION
Extent xxiii, 767 pages :
Other physical details illustrations ;
Dimensions 25 cm.
336 ## - CONTENT TYPE
Source rdacontent
Content type term text
Content type code txt
337 ## - MEDIA TYPE
Media type term unmediated
Source rdamedia
Media type code n
338 ## - CARRIER TYPE
Carrier type term volume
Carrier type code nc
Source rdacarrier
490 0# - SERIES STATEMENT
Series statement Chapman & Hall/CRC computer science and data analysis series
504 ## - BIBLIOGRAPHY, ETC. NOTE
Bibliography, etc Includes bibliographical references and index.<br/>
630 07 - SUBJECT ADDED ENTRY--UNIFORM TITLE
Uniform title MATLAB.
Source of heading or term BUEsh
9 (RLIN) 826
650 #0 - SUBJECT ADDED ENTRY--TOPICAL TERM
9 (RLIN) 20131
Topical term or geographic name as entry element Mathematical statistics
General subdivision Data processing.
Source of heading or term BUEsh
651 ## - SUBJECT ADDED ENTRY--GEOGRAPHIC NAME
Source of heading or term BUEsh
653 ## - INDEX TERM--UNCONTROLLED
Resource For college Engineering, Electrical
Arrived date list November2015
655 ## - INDEX TERM--GENRE/FORM
Form subdivision Reading book
9 (RLIN) 34232
700 1# - ADDED ENTRY--PERSONAL NAME
Personal name Martinez, Angel R.,
Relator term author.
9 (RLIN) 38774
942 ## - ADDED ENTRY ELEMENTS (KOHA)
Source of classification or shelving scheme Dewey Decimal Classification
Koha item type Book - Borrowing
Holdings
Withdrawn status Lost status Source of classification or shelving scheme Damaged status Not for loan Collection code Home library Current library Shelving location Date acquired Source of acquisition Total Checkouts Full call number Barcode Date last seen Price effective from Koha item type
    Dewey Decimal Classification     Baccah Central Library Central Library Ground Floor 19/11/2015 Purchase   519.50285 MAR 000031352 15/07/2025 19/11/2015 Reference (NB)